000 00908nam a22002177a 4500
001 EIF-I-1992-M6-001
003 OSt
005 20230104102346.0
008 230104b |||||||| |||| 00| 0 eng d
040 _aFundación Jesús Pereda
_cFundación Jesús Pereda
041 _aCastellano
100 _aAlonso Carballés, Jesús J.
_91219
111 _aEncuentro de Investigadores del Franquismo
_c(Barcelona.
_d1992.
_n1º)
_995
245 _aLa prensa franquista de Guipúzcoa frente a las evacuaciones por mar de refugiados vascos (mayo-junio, 1937)
_c/Jesús J. Alonso Carballés
650 0 _91220
_aRefugiados
650 0 _91221
_aOpinión pública
651 0 _9118
_aPaís Vasco
_zGuipúzcoa
773 _tActas del I Encuentro de Investigadores del Franquismo
_g171-174 p.
856 _uhttps://bibliotecaccoocyl.fundacionjesuspereda.es/cgi-bin/koha/opac-retrieve-file.pl?id=9c571de17c3979f7b7e6cdcae230a34a
942 _2ddc
_cCF
_n0
999 _c750
_d750